| 000 | 00588nam a2200217Ia 4500 | ||
|---|---|---|---|
| 005 | 20250923150056.0 | ||
| 008 | 008 250917s9999 xx 000 0 eng d | ||
| 037 | _aTextual | ||
| 040 |
_aDSWL _beng _cDSWL |
||
| 041 |
_aeng _2eng |
||
| 084 |
_aY15:7:7x, N99 _qDSWL |
||
| 100 |
_aPorter, M. _9841935 |
||
| 245 | 0 |
_aFeminists doing development _c by M.Porter |
|
| 260 |
_aLondon _bZed Books _c1999 |
||
| 300 | _a246p. | ||
| 365 |
_aINR _b1134.5 |
||
| 700 |
_a E. Jud _9841936 |
||
| 925 | _g1134.5 | ||
| 942 |
_cTEXL _hY15:7:7x, N99 |
||
| 999 |
_c1459269 _d1459269 |
||